Genoa CFC Squad 2025-2026 - Statistics

General Stats
  • This quiz has been taken 167 times
    92 since last reset
  • The average score is 23 of 35
Answer Stats
# Position Nation Player % Correct
22 DF Mexico Johan Vásquez
94%
- Coach France Patrick Vieira
92%
17 MF Ukraine Ruslan Malinovskyi
92%
3 DF Spain Aarón Martín
88%
- Coach Italy Daniele De Rossi
88%
10 FW Brazil Junior Messias
88%
9 FW Portugal Vitinha
88%
15 DF England Brooke Norton-Cuffy
84%
2 MF Norway Morten Thorsby
84%
21 FW Italy Jeff Ekhator
82%
5 DF Norway Leo Østigård
82%
16 GK Netherlands Justin Bijlow
80%
32 MF Denmark Morten Frendrup
78%
1 GK Italy Nicola Leali
78%
18 FW Ghana Caleb Ekuban
76%
8 MF Italy Tommaso Baldanzi
74%
77 MF Iceland Mikael Egill Ellertsson
72%
8 MF Romania Nicolae Stanciu
72%
29 FW Italy Lorenzo Colombo
70%
27 DF Italy Alessandro Marcandalli
68%
76 FW Italy Lorenzo Venturino
62%
20 DF Italy Stefano Sabelli
62%
11 MF Denmark Albert Grønbæk
60%
23 MF Argentina Valentín Carboni
60%
14 MF Cameroon Jean Onana
54%
73 MF Italy Patrizio Masini
54%
4 MF Brazil Amorim
52%
70 FW Ivory Coast Maxwel Cornet
46%
31 GK Switzerland Benjamin Siegrist
44%
34 DF Denmark Sebastian Otoa
44%
39 GK Italy Daniele Sommariva
30%
13 DF Sweden Nils Zätterström
28%
40 FW Italy Seydou Fini
24%
30 MF Paraguay Hugo Cuenca
18%
- Coach Italy Roberto Murgita
18%
No matching quizzes found
Score Distribution
Percent of People with Each Score
Percentile by Number Answered
Your Score History
You have not taken this quiz since the last reset